Fluidný reaktor na rýchlu pyrolýzu drevného odpadu
Enregistré dans:
| Auteur principal: | |
|---|---|
| Autres auteurs: | |
| Format: | Manuscrit Livre |
| Langue: | slovaque |
| Publié: |
2024
|
| Sujets: | |
| Accès en ligne: | http://is.stuba.sk/zp/portal_zp.pl?podrobnosti=178465 |
| Tags: |
Pas de tags, Soyez le premier à ajouter un tag!
|
MARC
| LEADER | 00000ntm a22000003a 4500 | ||
|---|---|---|---|
| 001 | stuzp99294 | ||
| 003 | SK-STU | ||
| 005 | 20241118110825.5 | ||
| 007 | ta | ||
| 008 | 150427s2015----xo-----f-mn---000-0-slo-d | ||
| 040 | |a STU |b slo | ||
| 041 | 0 | |a slo | |
| 100 | 1 | |a Tokoš, Richard |u 020040 |k Z4 |4 aut |U SjF Strojnícka fakulta |T SjF Ústav procesného inžinierstva |X 122610 |U J0040 |Y 807 |7 122610 | |
| 242 | 0 | 1 | |a Fluid reactor for fast pyrolysis of wood waste |y eng |
| 245 | 1 | 0 | |a Fluidný reaktor na rýchlu pyrolýzu drevného odpadu |
| 260 | |c 2024 | ||
| 650 | 4 | |a pyrolýza |2 slo | |
| 650 | 4 | |a fluidný reaktor |2 slo | |
| 650 | 4 | |a pyrolýzny olej |2 slo | |
| 650 | 4 | |a cyklónový separátor |2 slo | |
| 650 | 4 | |a fluidizácia |2 slo | |
| 650 | 4 | |a pyrolysis |2 eng | |
| 650 | 4 | |a fluid reactor |2 eng | |
| 650 | 4 | |a cyclone separator |2 eng | |
| 650 | 4 | |a pyrolysis oil |2 eng | |
| 650 | 4 | |a fluidization |2 eng | |
| 700 | 1 | |a Dzianik, František |u 020040 |k Z1 |4 ths |U SjF Strojnícka fakulta |T SjF Ústav procesného inžinierstva |X 4665 |U J0040 |Y 807 |7 A000004665 | |
| 856 | 4 | |u http://is.stuba.sk/zp/portal_zp.pl?podrobnosti=178465 | |
| 996 | |b 284J047648 |c J* 3743/DDP |l JJSK |s A |a 24 |w stuzp99294_0001 | ||